000 00637nam a2200157 4500
999 _c16288
_d16288
008 211110b ||||| |||| 00| 0 eng d
022 _a0732-8435
082 _aDPer 657.05 C33 Apr - Sept 2016, v86 n4-9
100 _aGeller, Sheldon M.
_942788
245 _aDepartment of labor finalizes retirement advice regulation:
_ba practical perspective for 401(k) plan sponsor and investment committees/
_cSheldon M. Geller.
260 _aNew York:
_bThe New York State Society of CPA,
_c©2016.
300 _av86 n6, pages 76-79:
_billustrations;
_c28 cm.
500 _aThe CPA Journal
650 _aRetirement
_xPlan.
_943642
942 _2ddc
_cPER